[Event "Paramaribo Srefidensi 2nd"]
[Site "Paramaribo"]
[Date "2014.11.24"]
[Round "6"]
[White "Velez Betancourt, Nestor"]
[Black "Ernst, Sipke"]
[Result "1/2-1/2"]
[WhiteElo "2282"]
[BlackElo "2545"]
[PlyCount "172"]
[EventDate "2014.11.20"]
[EventType "swiss"]
[EventRounds "9"]
[EventCountry "SUR"]
[SourceTitle "CBM 163 Extra"]
[Source "ChessBase"]
[SourceDate "2014.12.23"]
[SourceVersion "1"]
[SourceVersionDate "2014.12.23"]
[SourceQuality "1"]

1. d4 Nf6 2. Nf3 d5 3. e3 c5 4. Be2 Bg4 5. Nbd2 Nc6 6. 0-0 e6 7. b3 Bd6 8. Bb2 0-0 9. Ne5 Bxe2 10. Qxe2 Rc8 11. Nxc6 Rxc6 12. c4 Qc7 13. g3 cxd4 14. exd4 Bb4 15. c5 b6 16. Nf3 bxc5 17. a3 Ba5 18. dxc5 Rxc5 19. Be5 Qc8 20. Bd6 Rc2 21. Qb5 Rd8 22. Nd4 Rxd6 23. Nxc2 Bc3 24. Rac1 Bd2 25. Rcd1 Ne4 26. Qd3 Bh6 27. Nd4 g6 28. f3 Nf6 29. Rf2 e5 30. Rc2 Qh3 31. Nb5 Rb6 32. Re1 Qd7 33. a4 a6 34. Nc7 e4 35. fxe4 d4 36. a5 Rc6 37. Rxc6 Qxc6 38. Qxd4 Bf8 39. Kg2 Qc2+ 40. Qf2 Qxc7 41. Qxf6 Qxa5 42. Rf1 Qa2+ 43. Rf2 Qxb3 44. Qxa6 Qb4 45. Qa8 Qe7 46. Qd5 Bg7 47. Qa8+ Bf8 48. Rb2 h5 49. Qd5 Qe8 50. Rb6 Kg7 51. Rb7 Kg8 52. Rd7 Be7 53. e5 Kg7 54. e6 Kf6 55. exf7 Qxf7 56. Qd4+ Ke6 57. Rb7 Qf8 58. Qe4+ Kf7 59. Rb6 Bf6 60. Qe6+ Kg7 61. Rb7+ Kh6 62. Qd5 Qe8 63. Qf3 Bg7 64. h3 Qe6 65. Rb3 Kh7 66. g4 hxg4 67. hxg4 Qf6 68. Qe4 Kg8 69. Rf3 Qb2+ 70. Rf2 Qb6 71. g5 Kh7 72. Rc2 Qd6 73. Kf3 Qd1+ 74. Kg2 Qd7 75. Re2 Qf7 76. Re1 Qa2+ 77. Kg3 Qb3+ 78. Kg4 Qf7 79. Rd1 Bf8 80. Rb1 Qd7+ 81. Kh4 Bg7 82. Rb7 Qd1 83. Kg3 Qg1+ 84. Qg2 Qe3+ 85. Kh2 Qe5+ 86. Kh3 Qe3+ 1/2-1/2

[Event "Sao Paulo CCM CAP"]
[Site "Sao Paulo"]
[Date "1995.04.??"]
[Round "6"]
[White "Lebredo Zaragoitia, Gerardo"]
[Black "Velez Betancourt, Nestor"]
[Result "1/2-1/2"]
[WhiteElo "2295"]
[BlackElo "2275"]
[PlyCount "22"]
[EventDate "1995.??.??"]
[EventType "tourn"]
[EventRounds "11"]
[EventCountry "BRA"]
[EventCategory "3"]
[SourceTitle "EXT 2003"]
[Source "ChessBase"]
[SourceDate "2002.11.25"]
[SourceVersion "1"]
[SourceVersionDate "2002.11.25"]
[SourceQuality "1"]

1. e4 e5 2. Nc3 Nc6 3. g3 Bc5 4. d3 d6 5. Bg2 Nge7 6. Be3 Bb6 7. Bxb6 axb6 8. Nge2 0-0 9. 0-0 Be6 10. Nd5 Bxd5 11. exd5 Nb4 1/2-1/2

[Event "Sao Paulo CCM CAP"]
[Site "Sao Paulo"]
[Date "1995.04.??"]
[Round "11"]
[White "Velez Betancourt, Nestor"]
[Black "De Souza, Mauro Guimaraes"]
[Result "0-1"]
[WhiteElo "2275"]
[BlackElo "2355"]
[PlyCount "66"]
[EventDate "1995.??.??"]
[EventType "tourn"]
[EventRounds "11"]
[EventCountry "BRA"]
[EventCategory "3"]
[SourceTitle "EXT 2003"]
[Source "ChessBase"]
[SourceDate "2002.11.25"]
[SourceVersion "1"]
[SourceVersionDate "2002.11.25"]
[SourceQuality "1"]

1. e4 c5 2. Nf3 Nc6 3. Nc3 g6 4. d4 cxd4 5. Nxd4 Bg7 6. Be3 Nf6 7. Be2 0-0 8. 0-0 d6 9. h3 Bd7 10. f4 Nxd4 11. Bxd4 Bc6 12. Bf3 Rc8 13. Rf2 Qa5 14. Qd2 e5 15. Be3 exf4 16. Bxf4 Rfe8 17. Re1 Rcd8 18. Nd5 Qxd2 19. Bxd2 Nd7 20. b4 Bxd5 21. exd5 Bd4 22. Ref1 Ne5 23. Be2 Rc8 24. c3 Bxc3 25. Bxc3 Rxc3 26. Bd1 Kf8 27. Bb3 Rec8 28. Rf4 Rc1 29. Bd1 Ke7 30. Kh2 R8c4 31. Rxc4 Nxc4 32. Rf4 Rxd1 33. Rxc4 Kd7 0-1

[Event "Sao Paulo CCM CAP"]
[Site "Sao Paulo"]
[Date "1995.04.??"]
[Round "9"]
[White "Velez Betancourt, Nestor"]
[Black "Martinez, Carlos Alejandro"]
[Result "1/2-1/2"]
[WhiteElo "2275"]
[BlackElo "2335"]
[PlyCount "30"]
[EventDate "1995.??.??"]
[EventType "tourn"]
[EventRounds "11"]
[EventCountry "BRA"]
[EventCategory "3"]
[SourceTitle "EXT 2003"]
[Source "ChessBase"]
[SourceDate "2002.11.25"]
[SourceVersion "1"]
[SourceVersionDate "2002.11.25"]
[SourceQuality "1"]

1. e4 c5 2. Nf3 e6 3. d4 cxd4 4. Nxd4 a6 5. Bd3 Nc6 6. Nxc6 dxc6 7. 0-0 e5 8. Be3 Nf6 9. f3 Bd6 10. Nd2 Qe7 11. Qe2 Bc5 12. Kh1 0-0 13. Nb3 Bxe3 14. Qxe3 Be6 15. Nc5 Nd7 1/2-1/2

[Event "Sao Paulo CCM CXSP"]
[Site "Sao Paulo"]
[Date "1995.03.??"]
[Round "6"]
[White "Barreras, Alberto"]
[Black "Velez Betancourt, Nestor"]
[Result "1/2-1/2"]
[WhiteElo "2315"]
[BlackElo "2275"]
[PlyCount "20"]
[EventDate "1995.??.??"]
[EventType "tourn"]
[EventRounds "11"]
[EventCountry "BRA"]
[EventCategory "3"]
[SourceTitle "EXT 2003"]
[Source "ChessBase"]
[SourceDate "2002.11.25"]
[SourceVersion "1"]
[SourceVersionDate "2002.11.25"]
[SourceQuality "1"]

1. d4 e6 2. e4 b6 3. Bd3 Bb7 4. Nf3 c5 5. c3 Nf6 6. Qe2 c4 7. Bc2 b5 8. Bg5 Be7 9. Nbd2 d6 10. 0-0 0-0 1/2-1/2

[Event "Sao Paulo CCM CXSP"]
[Site "Sao Paulo"]
[Date "1995.03.??"]
[Round "4"]
[White "Tsuboi, Edson Kenji"]
[Black "Velez Betancourt, Nestor"]
[Result "1-0"]
[WhiteElo "2335"]
[BlackElo "2275"]
[PlyCount "129"]
[EventDate "1995.??.??"]
[EventType "tourn"]
[EventRounds "11"]
[EventCountry "BRA"]
[EventCategory "3"]
[SourceTitle "EXT 2003"]
[Source "ChessBase"]
[SourceDate "2002.11.25"]
[SourceVersion "1"]
[SourceVersionDate "2002.11.25"]
[SourceQuality "1"]

1. e4 e5 2. Nf3 Nc6 3. Bb5 g6 4. 0-0 Bg7 5. c3 Nge7 6. d4 exd4 7. cxd4 a6 8. Ba4 b5 9. Bb3 d6 10. h3 0-0 11. Nc3 Na5 12. Bg5 h6 13. Bh4 Nxb3 14. Qxb3 Be6 15. d5 Bd7 16. Rfe1 g5 17. Bg3 a5 18. e5 a4 19. Qb4 dxe5 20. Bxe5 Ng6 21. Bxg7 Kxg7 22. Ne4 Ra6 23. Rac1 Kg8 24. Qc3 Bf5 25. d6 Rxd6 26. Nxd6 cxd6 27. a3 Nf4 28. Nd4 Bd7 29. Ne2 Nd5 30. Qd4 Qa8 31. Rcd1 Be6 32. Qe4 Rc8 33. Nd4 Bd7 34. Nf5 Bxf5 35. Qxd5 Be6 36. Qxd6 Qc6 37. Qe7 Bd5 38. f3 Be6 39. Rd8+ Rxd8 40. Qxd8+ Kg7 41. Qd4+ Kg8 42. Rd1 Qc2 43. Rd2 Qc1+ 44. Kh2 Qc7+ 45. Qd6 Qc4 46. Qe5 Qc8 47. Rd6 Qe8 48. f4 gxf4 49. Qxf4 Qe7 50. Qd4 Kh7 51. Rd8 Qc7+ 52. Kg1 Qc1+ 53. Kf2 Qc2+ 54. Kg1 Qc1+ 55. Kh2 Qc7+ 56. Qd6 Qc4 57. Qe5 f6 58. Qd6 Kg6 59. Qg3+ Kf5 60. Rd3 Bd5 61. Re3 Qf4 62. Qxf4+ Kxf4 63. Re8 h5 64. Kg1 Kg3 65. Rf8 1-0

[Event "Sao Paulo CCM CXSP"]
[Site "Sao Paulo"]
[Date "1995.03.??"]
[Round "5"]
[White "Velez Betancourt, Nestor"]
[Black "Limp, Eduardo Thelio"]
[Result "1-0"]
[WhiteElo "2275"]
[BlackElo "2320"]
[PlyCount "57"]
[EventDate "1995.??.??"]
[EventType "tourn"]
[EventRounds "11"]
[EventCountry "BRA"]
[EventCategory "3"]
[SourceTitle "EXT 2003"]
[Source "ChessBase"]
[SourceDate "2002.11.25"]
[SourceVersion "1"]
[SourceVersionDate "2002.11.25"]
[SourceQuality "1"]

1. Nf3 Nf6 2. g3 g6 3. Bg2 Bg7 4. c4 c5 5. Nc3 Nc6 6. 0-0 0-0 7. e4 d6 8. d3 Rb8 9. h3 a6 10. Be3 Nd7 11. d4 cxd4 12. Nxd4 Nde5 13. b3 Nxd4 14. Bxd4 b5 15. cxb5 axb5 16. f4 Nc6 17. Bxg7 Kxg7 18. Kh2 b4 19. Nd5 Ba6 20. Rf2 e6 21. Rc1 Qd7 22. Rfc2 Bb5 23. Ne3 e5 24. f5 Rb7 25. Nd5 f6 26. Bf1 Rc8 27. fxg6 Ne7 28. Rxc8 Nxc8 29. Bxb5 1-0

[Event "Guines"]
[Site "Guines"]
[Date "1994.??.??"]
[Round "5"]
[White "Lugo, Blas"]
[Black "Velez Betancourt, Nestor"]
[Result "1/2-1/2"]
[WhiteElo "2380"]
[BlackElo "2265"]
[PlyCount "28"]
[EventDate "1994.??.??"]
[EventType "tourn"]
[EventRounds "11"]
[EventCountry "CUB"]
[EventCategory "2"]
[SourceTitle "EXT 2000"]
[Source "ChessBase"]
[SourceDate "1999.11.16"]
[SourceVersion "1"]
[SourceVersionDate "1999.11.16"]
[SourceQuality "1"]

1. d4 Nf6 2. Nf3 e6 3. Bg5 c5 4. e3 Nc6 5. Nbd2 Be7 6. c3 0-0 7. Bd3 d6 8. 0-0 e5 9. dxe5 dxe5 10. Qc2 h6 11. Bxf6 Bxf6 12. Bf5 Bxf5 13. Qxf5 Qc8 14. Qxc8 Raxc8 1/2-1/2

[Event "Guines"]
[Site "Guines"]
[Date "1994.??.??"]
[Round "7"]
[White "Moreno, Alejandro"]
[Black "Velez Betancourt, Nestor"]
[Result "1-0"]
[WhiteElo "2310"]
[BlackElo "2265"]
[PlyCount "53"]
[EventDate "1994.??.??"]
[EventType "tourn"]
[EventRounds "11"]
[EventCountry "CUB"]
[EventCategory "2"]
[SourceTitle "EXT 2000"]
[Source "ChessBase"]
[SourceDate "1999.11.16"]
[SourceVersion "1"]
[SourceVersionDate "1999.11.16"]
[SourceQuality "1"]

1. e4 e5 2. Nf3 Nc6 3. Bb5 g6 4. 0-0 Bg7 5. c3 Nge7 6. d4 exd4 7. cxd4 a6 8. Ba4 b5 9. Bb3 d6 10. Nc3 0-0 11. h3 Na5 12. Bc2 c5 13. Bg5 h6 14. Bh4 g5 15. Bg3 cxd4 16. Nxd4 Nc4 17. Rb1 d5 18. exd5 f5 19. d6 Nxd6 20. Nc6 Nxc6 21. Bxd6 Nd4 22. Bxf8 Qxf8 23. Ne2 Nxe2+ 24. Qxe2 Bd7 25. Rbd1 Re8 26. Qf3 Be6 27. Bb3 1-0

[Event "Isla Guitart op"]
[Site "Isla Guitart "]
[Date "1994.??.??"]
[Round "?"]
[White "Velez Betancourt, Nestor"]
[Black "Pupo, Emilio"]
[Result "0-1"]
[WhiteElo "2265"]
[BlackElo "2355"]
[PlyCount "86"]
[EventDate "1994.??.??"]
[EventType "swiss"]
[EventRounds "9"]
[EventCountry "CUB"]
[SourceTitle "EXT 2000"]
[Source "ChessBase"]
[SourceDate "1999.11.16"]
[SourceVersion "1"]
[SourceVersionDate "1999.11.16"]
[SourceQuality "1"]

1. Nf3 Nf6 2. b3 g6 3. Bb2 Bg7 4. d4 0-0 5. e3 d6 6. Be2 Nbd7 7. 0-0 e5 8. c4 e4 9. Nfd2 Re8 10. Nc3 c6 11. b4 h5 12. b5 c5 13. Nb3 b6 14. a4 Bb7 15. a5 Qe7 16. a6 Bc8 17. Qd2 Nf8 18. f4 exf3 19. Bxf3 Bh6 20. Rae1 Rb8 21. Bc1 Be6 22. Qd3 Rbc8 23. dxc5 dxc5 24. e4 Bxc1 25. Nxc1 Rcd8 26. Qe2 Qd6 27. Rd1 Qe5 28. Rxd8 Rxd8 29. Nd5 Bxd5 30. cxd5 Re8 31. Nd3 Qd4+ 32. Nf2 Nxd5 33. Qa2 Nc3 34. Qb2 Qb4 35. Qa1 Ne6 36. Rc1 Nxb5 37. e5 Ned4 38. Ne4 Rxe5 39. Nf6+ Kg7 40. Nd7 Re7 41. Bc6 Qa3 42. Bxb5 Qxa1 43. Rxa1 Nxb5 0-1

[Event "Guines"]
[Site "Guines"]
[Date "1994.??.??"]
[Round "10"]
[White "Velez Betancourt, Nestor"]
[Black "Reynaldo Hernandez, Jorge"]
[Result "1/2-1/2"]
[WhiteElo "2265"]
[BlackElo "2320"]
[PlyCount "22"]
[EventDate "1994.??.??"]
[EventType "tourn"]
[EventRounds "11"]
[EventCountry "CUB"]
[EventCategory "2"]
[SourceTitle "EXT 2000"]
[Source "ChessBase"]
[SourceDate "1999.11.16"]
[SourceVersion "1"]
[SourceVersionDate "1999.11.16"]
[SourceQuality "1"]

1. e4 c5 2. Nf3 d6 3. d4 cxd4 4. Qxd4 Nc6 5. Bb5 Bd7 6. Bxc6 Bxc6 7. Nc3 Nf6 8. Bg5 e6 9. 0-0 Be7 10. Rfe1 Qc7 11. Rad1 0-0 1/2-1/2

[Event "Havana-A"]
[Site "Havana"]
[Date "1992.??.??"]
[Round "?"]
[White "Gonzalez Zamora, Juan Carlos"]
[Black "Velez Betancourt, Nestor"]
[Result "1-0"]
[WhiteElo "2380"]
[BlackElo "2295"]
[PlyCount "25"]
[EventDate "1992.??.??"]
[EventType "tourn"]
[EventRounds "14"]
[EventCountry "CUB"]
[EventCategory "2"]
[SourceTitle "EXT 2000"]
[Source "ChessBase"]
[SourceDate "1999.11.16"]
[SourceVersion "1"]
[SourceVersionDate "1999.11.16"]
[SourceQuality "1"]

1. Nf3 e6 2. c4 b6 3. g3 Bb7 4. Bg2 f5 5. 0-0 Nf6 6. d4 Be7 7. d5 Ne4 8. Nd4 c5 9. Nb5 a6 10. N5c3 Nd6 11. Bf4 0-0 12. Bxd6 Bxd6 13. dxe6 1-0

[Event "Havana-A"]
[Site "Havana"]
[Date "1992.??.??"]
[Round "?"]
[White "Hedman Senarega, Jose Antonio"]
[Black "Velez Betancourt, Nestor"]
[Result "1-0"]
[WhiteElo "2315"]
[BlackElo "2295"]
[PlyCount "27"]
[EventDate "1992.??.??"]
[EventType "tourn"]
[EventRounds "14"]
[EventCountry "CUB"]
[EventCategory "2"]
[SourceTitle "EXT 2000"]
[Source "ChessBase"]
[SourceDate "1999.11.16"]
[SourceVersion "1"]
[SourceVersionDate "1999.11.16"]
[SourceQuality "1"]

1. e4 e5 2. Nf3 Nc6 3. d4 exd4 4. Nxd4 Nge7 5. Nc3 Nxd4 6. Qxd4 Nc6 7. Qd1 Bb4 8. Bd2 0-0 9. Bd3 d6 10. 0-0 f5 11. a3 Bc5 12. Be3 fxe4 13. Bxe4 Bb6 14. Qd5+ 1-0

[Event "Havana-A"]
[Site "Havana"]
[Date "1992.??.??"]
[Round "?"]
[White "Ramon Pita, Vivian"]
[Black "Velez Betancourt, Nestor"]
[Result "1-0"]
[WhiteElo "2260"]
[BlackElo "2295"]
[PlyCount "55"]
[EventDate "1992.??.??"]
[EventType "tourn"]
[EventRounds "14"]
[EventCountry "CUB"]
[EventCategory "2"]
[SourceTitle "EXT 2000"]
[Source "ChessBase"]
[SourceDate "1999.11.16"]
[SourceVersion "1"]
[SourceVersionDate "1999.11.16"]
[SourceQuality "1"]

1. e4 d6 2. d4 Nf6 3. Nc3 c6 4. a4 Qa5 5. Bd2 e5 6. dxe5 dxe5 7. Nd5 Qd8 8. Nxf6+ Qxf6 9. Nf3 h6 10. Bc3 Bd6 11. Be2 Nd7 12. Nd2 0-0 13. 0-0 Bc7 14. f4 Qe7 15. f5 Nf6 16. Qe1 b5 17. axb5 cxb5 18. b4 Bb7 19. Bxb5 Bb6+ 20. Kh1 Rfc8 21. Ra3 a5 22. Nc4 Bc7 23. bxa5 Nxe4 24. Bb4 Qg5 25. a6 Bd5 26. Ne3 Nf6 27. h4 Qh5 28. Be2 1-0

[Event "Fuerteventura op"]
[Site "Fuerteventura"]
[Date "1992.??.??"]
[Round "?"]
[White "Velez Betancourt, Nestor"]
[Black "Jimenez Zerquera, Eleazar"]
[Result "1-0"]
[WhiteElo "2295"]
[BlackElo "2365"]
[PlyCount "73"]
[EventDate "1992.??.??"]
[EventType "swiss"]
[EventRounds "11"]
[EventCountry "CUB"]
[SourceTitle "EXT 1999"]
[Source "ChessBase"]
[SourceDate "1998.11.16"]
[SourceVersion "1"]
[SourceVersionDate "1998.11.16"]
[SourceQuality "1"]

1. Nf3 Nf6 2. g3 b6 3. Bg2 Bb7 4. c4 g6 5. Nc3 Bg7 6. d3 0-0 7. e4 d6 8. 0-0 Nbd7 9. Qc2 Ng4 10. h3 Nge5 11. Nh2 c5 12. f4 Nc6 13. g4 Nd4 14. Qf2 e6 15. Nf3 Nxf3+ 16. Bxf3 a6 17. Be3 Rc8 18. Rad1 Qe7 19. Rfe1 Ba8 20. Bg2 Rfd8 21. h4 Bd4 22. g5 Bxe3 23. Rxe3 f6 24. Qg3 fxg5 25. hxg5 Rf8 26. Bh3 Rce8 27. d4 cxd4 28. Rxd4 e5 29. Nd5 Bxd5 30. exd5 Nc5 31. fxe5 Qg7 32. b4 dxe5 33. Rh4 e4 34. bxc5 Qa1+ 35. Qe1 Qd4 36. Be6+ Kg7 37. Rxh7+ 1-0